|
|
|
|
| LEADER |
00000naa2a2200000 4500 |
| 001 |
79442 |
| 005 |
20231214103148.0 |
| 035 |
|
|
|a (RuTPU)RU\TPU\book\85411
|
| 090 |
|
|
|a 79442
|
| 100 |
|
|
|a 20050817d2001 k y0rusy50 ca
|
| 101 |
0 |
|
|a rus
|
| 102 |
|
|
|a RU
|
| 200 |
1 |
|
|a Устройство для диагностики дискинезии пищевода
|f Д. В. Казаков, А. В. Лебедев, И. А. Абрашкина
|g науч. рук. В. Ф. Вотяков
|
| 320 |
|
|
|a Библиогр.: 3 назв.
|
| 463 |
|
0 |
|0 (RuTPU)RU\TPU\book\38106
|t Труды городской научно-технической конференции по приборостроению, посвященной сорокалетию полета Гагарина Ю. А. в космос
|f Томская область, Администрация ; Томский политехнический университет ; Городская научно-техническая конференция по приборостроению ; под ред. В. И. Копытова
|v С. 45
|d 2001
|p 75 с.
|
| 610 |
1 |
|
|a диагностика
|
| 610 |
1 |
|
|a пищевод
|
| 610 |
1 |
|
|a пищеварительная система
|
| 610 |
1 |
|
|a оптико-электронные методы
|
| 610 |
1 |
|
|a зондирование
|
| 610 |
1 |
|
|a оптические зонды
|
| 610 |
1 |
|
|a обработка информации
|
| 610 |
1 |
|
|a программное обеспечение
|
| 610 |
1 |
|
|a труды учёных ТПУ
|
| 700 |
|
1 |
|a Казаков
|b Д. В.
|
| 701 |
|
1 |
|a Лебедев
|b А. В.
|
| 701 |
|
1 |
|a Абрашкина
|b И. А.
|c специалист в области организации высшего профессионального образования
|c начальник отдела Томского политехнического университета
|f 1979-
|g Ирина Андреевна
|3 (RuTPU)RU\TPU\pers\26851
|9 12470
|
| 702 |
|
1 |
|a Вотяков
|b В. Ф.
|4 727
|
| 801 |
|
1 |
|a RU
|b 63413507
|c 20050817
|g PSBO
|
| 801 |
|
2 |
|a RU
|b 63413507
|c 20120120
|g PSBO
|
| 942 |
|
|
|c BK
|